Languages: Find the Odd One Out #1 - Statistics

General Stats
  • This quiz has been taken 1,817 times
  • The average score is 12 of 23
Answer Stats
Question Answer % Correct
Languages of the Iberian peninsula Basque
82%
Romance languages Romanian
82%
Languages of Nordic countries Finnish
65%
The most spoken Germanic languages Swedish
65%
Languages of Botswana !Xóõ
65%
Languages that use the Cyrillic alphabet Uzbek
61%
Languages of India Telugu
59%
Languages of South Africa Afrikaans
55%
Religious liturgical languages Arabic
51%
Languages of the British Isles English
51%
Languages of central Europe Hungarian
49%
The four most spoken languages Mandarin Chinese
49%
Languages of countries that end in "stan" Tajik
49%
Languages of Algeria Arabic
47%
Liturgical languages of Eastern Orthodox churches Georgian
47%
Languages of Switzerland German
47%
Languages that use the Arabic script Arabic
45%
Liturgical languages of Oriental Orthodox churches Armenian
45%
Languages of Buddhist texts Tibetan
45%
Languages of Iran Azerbaijani
39%
Languages of the east Baltic coast Estonian
39%
Languages of Nigeria Hausa
37%
Ancient languages that used Phoenician-based writing systems Greek
35%
No matching quizzes found
Score Distribution
Percent of People with Each Score
Percentile by Number Answered
Your Score History
You have not taken this quiz